Vybrané charakteristiky transformácie religiozity na Slovensku v rokoch 1950-2001 vo vzťahu k sekularizácii
Špecifiká sčítania ľudu v roku 1950 a jeho spoločenský kontext. Niektoré teoretické východiská transformácie náboženskej štruktúry na Slovensku. Zastúpenie veriaceho obyvateľstva v rokoch 1950 a 2001. Typológia okresov SR podľa intenzity sekularizácie v období 1950-2001.
Enregistré dans:
| Auteur principal: | |
|---|---|
| Format: | Chapitre de livre |
| Langue: | slovaque |
| Sujets: | |
| Tags: |
Pas de tags, Soyez le premier à ajouter un tag!
|
MARC
| LEADER | 00000naa a2200000 4500 | ||
|---|---|---|---|
| 001 | 0182553 | ||
| 005 | 20231208101346.9 | ||
| 041 | 0 | |a slo | |
| 044 | |a SK | ||
| 245 | 1 | 0 | |a Vybrané charakteristiky transformácie religiozity na Slovensku v rokoch 1950-2001 vo vzťahu k sekularizácii |c Juraj Majo |
| 520 | |a Špecifiká sčítania ľudu v roku 1950 a jeho spoločenský kontext. Niektoré teoretické východiská transformácie náboženskej štruktúry na Slovensku. Zastúpenie veriaceho obyvateľstva v rokoch 1950 a 2001. Typológia okresov SR podľa intenzity sekularizácie v období 1950-2001. | ||
| 610 | 2 | 0 | |a náboženstvo |
| 610 | 2 | 0 | |a Slovensko |
| 610 | 2 | 0 | |a regióny |
| 100 | 1 | |a Majo, Juraj | |